| 000 | 00772nam a2200241 a 4500 | ||
|---|---|---|---|
| 001 | 000033618 | ||
| 003 | OSt4 | ||
| 005 | 20240412074257.0 | ||
| 008 | 110901s1910 dr r 000 0 spa d | ||
| 040 |
_aDO-SdBNP _bspa _cBNPHU |
||
| 082 | 4 |
_aRD861.4 _bG526A |
|
| 100 | 1 |
_aAbreu, Raul _959094 |
|
| 245 | 1 | 0 |
_aElla es blanca Niebla.... / _cRaul Abreu. |
| 260 |
_aSanto Domingo : _b[s.n.], _c1910. |
||
| 300 |
_a42 p. ; _c20 cm. |
||
| 500 | _aConferencia pronunciada en el Ateneo Dominicano, mayo - 1910 | ||
| 590 | _aInventariado, 2018/LP | ||
| 600 | 1 | 4 |
_aGiró, Valentín _d 1880-1949 _xCrítica e interpretación _977357 |
| 650 | 4 |
_aPoesía dominicana _977358 |
|
| 650 | 0 |
_aLiteratura dominicana. _967 |
|
| 910 | _aValidado. Control de calidad MFF | ||
| 942 |
_2ddc _cLBS1 |
||
| 999 |
_c33109 _d33109 |
||